000 00853nam a22002537a 4500
001 13116
003 HDC
007 cr bn ---
008 210212 my |0 eneng
040 _aHDC
110 _aThe Special Task Force to Facilitate Business
245 0 _aMalaysia In Doing Business 2013
260 _a[No place] :
_bThe Special Task Force to Facilitate Business,
_c2013
300 _a39 pages
336 _atext
_2rdacontent
337 _acomputer
_2rdamedia
338 _aonline resource
_2rdacarrier
650 _aBusiness Indicators
_913945
650 _aConstruction Permits
_913946
856 _zRequest full-text at [email protected]
942 _2lcc
942 _cEBOOK
942 _kEBOK 002067
999 _c10432
_d10432